LEADER 01450nam0 22003373i 450 001 SBL0604067 005 20231121125829.0 020 $aIT$b848483 100 $a20220331d1982 ||||0itac50 ba 101 | $aita 102 $ait 181 1$6z01$ai $bxxxe 182 1$6z01$an 200 1 $a˜Il œrituale mitriaco (3. Secolo dopo Cristo)$etraduzione dal papiro che tuttora si conserva nella Biblioteca Nazionale di Parigi al n. 574 del Supplemento Greco della Raccolta Magica$fa cura di Armando Cepollaro 210 $aRoma$cAtanór$d1982 215 $a68 p.$d22 cm 300 $a Tit. in cop.: Il rituale di Mithra . 517 1 $a˜Il œrituale mitriaco (terzo secolo dopo Cristo) .$9SBL0604068 517 1 $a˜Il œrituale di Mithra .$9SBL0604069 606 $aMitra $2FIR$3RMLC138958$9N 606 $aMisteri mitriaci$xFonti epigrafiche$2FIR$3RMLC472105$9N 676 $a299.15$9Religioni originarie dell'Asia orientale e sudorientale. Mithraismo.$v22 702 1$aCepollaro$b, Armando$3SBLV022935 801 3$aIT$bIT-01$c20220331 850 $aIT-FR0017 899 $aBiblioteca umanistica Giorgio Aprea$bFR0017 912 $aSBL0604067 950 0$aBiblioteca umanistica Giorgio Aprea$d 52MAG 14/475$e 52FSS0000004795 VMB RS $fA $h20220331$i20220331 977 $a 52 996 $aRituale mitriaco (3. Secolo dopo Cristo)$93637046 997 $aUNICAS